Geography Quiz

Random Geography or City Quiz

Find the Star: World Capitals Quiz Stats

 Plays Quiz Updated May 1, 2019

Score 0/197 Timer 01:30
13 Plays Today
% Correct
Washington, D.C.(15,945)
91.7%
Moscow(14,481)
88.4%
London(16,982)
88%
Rome(16,217)
88%
Beijing(9,011)
87.9%
Tokyo(7,951)
87.7%
Paris(16,920)
87.6%
Mexico City(13,177)
86.5%
Ottawa(16,108)
85.4%
Madrid(17,573)
85.2%
Brasilia(14,059)
85.1%
Cairo(14,266)
84.9%
New Delhi(10,354)
84.9%
Berlin(16,066)
84.9%
Lisbon(18,053)
83.7%
Jakarta(5,395)
83.6%
Buenos Aires(11,735)
83.6%
Oslo(15,977)
83.6%
Wellington(2,326)
83.6%
Lima(12,846)
83.5%
Manila(6,289)
83.4%
Singapore(6,211)
83.3%
Pretoria(10,820)
83%
Dublin(17,238)
83%
Stockholm(15,610)
82.9%
Santiago(11,323)
82.9%
Seoul(8,416)
82.9%
Bangkok(7,478)
82.9%
Panama City(14,289)
82.8%
Athens(15,203)
82.7%
Bern(16,595)
82.7%
Havana(14,899)
82.7%
Helsinki(15,214)
82.6%
Jerusalem(13,994)
82.6%
Nairobi(11,928)
82.6%
Bogotá(14,428)
82.6%
Caracas(15,451)
82.6%
Vatican City(16,220)
82.5%
Ankara(14,496)
82.5%
Amsterdam(16,627)
82.5%
Vienna(15,915)
82.4%
Warsaw(15,559)
82.4%
Copenhagen(16,036)
82.4%
Hanoi(7,747)
82.4%
Brussels(16,717)
82.4%
Quito(13,701)
82.3%
Kuala Lumpur(6,525)
82.2%
Kingston(15,117)
82.2%
Prague(16,039)
82.2%
Monaco(16,632)
82.2%
San Marino(16,228)
82.2%
San Salvador(13,742)
82.2%
La Paz(13,045)
82.2%
Tehran(12,809)
82.2%
Budapest(15,718)
82.2%
Guatemala City(13,681)
82.1%
Kyiv(14,895)
82.1%
San Jose(13,959)
82.1%
Montevideo(11,780)
82.1%
Baghdad(13,277)
82.1%
Reykjavik(16,749)
82.1%
Riyadh(12,634)
82.1%
Port Moresby(2,877)
82.1%
Suva(3,458)
82.1%
Sofia(15,340)
82%
Managua(13,908)
82%
% Correct
Rabat(17,818)
82%
Accra(15,459)
82%
Algiers(16,976)
82%
Taipei(7,309)
82%
Tunis(16,348)
82%
Addis Ababa(12,432)
82%
Bucharest(15,148)
82%
Islamabad(11,013)
82%
Belgrade(15,596)
82%
Riga(15,312)
82%
Tegucigalpa(13,947)
81.9%
Victoria(10,044)
81.9%
Male(8,983)
81.9%
Apia(4,574)
81.9%
Dakar(17,362)
81.9%
Zagreb(15,950)
81.9%
Abu Dhabi(11,957)
81.9%
Luxembourg(16,633)
81.9%
Kabul(11,355)
81.9%
Pyongyang(8,604)
81.9%
Andorra La Vella(17,119)
81.9%
Ulaanbaatar(10,161)
81.9%
Dili(3,815)
81.9%
Kinshasa(13,492)
81.9%
Abuja(15,156)
81.9%
Asunción(12,714)
81.9%
Nassau(15,445)
81.9%
Belmopan(13,993)
81.9%
Doha(12,247)
81.8%
Sarajevo(15,750)
81.8%
Tripoli(15,984)
81.8%
Djibouti(12,193)
81.8%
Minsk(15,116)
81.8%
Port-au-Prince(15,543)
81.8%
Nur-Sultan(12,224)
81.8%
Dhaka(9,010)
81.8%
Mogadishu(11,391)
81.8%
Beirut(14,057)
81.8%
Georgetown(15,798)
81.8%
Tirana(15,605)
81.8%
Vaduz(16,436)
81.8%
Tallinn(15,237)
81.8%
Bratislava(15,861)
81.8%
Freetown(16,536)
81.8%
Funafuti(4,264)
81.8%
Honiara(3,076)
81.8%
Ljubljana(16,064)
81.8%
Antananarivo(9,804)
81.8%
Baku(13,158)
81.8%
Kathmandu(9,687)
81.8%
Sana'a(12,247)
81.8%
Santo Domingo(15,753)
81.8%
Skopje(15,482)
81.8%
Vilnius(15,260)
81.8%
Muscat(11,541)
81.8%
Tarawa(4,768)
81.8%
Damascus(13,973)
81.8%
Khartoum(13,397)
81.7%
Kingstown(16,104)
81.8%
Kuwait City(12,776)
81.8%
Luanda(13,276)
81.8%
Amman(13,937)
81.7%
Paramaribo(15,902)
81.7%
Port Vila(2,719)
81.7%
Bishkek(11,510)
81.7%
Lomé(15,404)
81.7%
% Correct
Nicosia(14,291)
81.7%
Palikir(4,786)
81.7%
Windhoek(11,837)
81.7%
Yaren(4,279)
81.7%
Praia(17,635)
81.7%
Harare(11,219)
81.7%
Juba(12,802)
81.7%
Kampala(12,409)
81.7%
Majuro(5,259)
81.7%
Monrovia(16,196)
81.7%
Phnom Penh(6,986)
81.7%
Port of Spain(15,884)
81.7%
Valletta(15,949)
81.7%
Bamako(16,607)
81.7%
Brazzaville(13,498)
81.7%
Bridgetown(16,224)
81.7%
Chisinau(14,977)
81.7%
Podgorica(15,666)
81.7%
Saint John's(16,349)
81.7%
Tashkent(11,770)
81.7%
Maputo(10,487)
81.7%
Pristina(15,515)
81.7%
Vientiane(7,687)
81.7%
Manama(12,383)
81.7%
Ouagadougou(16,119)
81.7%
Saint George's(15,977)
81.7%
Bandar Seri Begawan(5,718)
81.7%
Kigali(12,469)
81.7%
Lusaka(11,617)
81.7%
Port Louis(8,872)
81.7%
Roseau(16,254)
81.7%
Yerevan(13,567)
81.7%
Castries(16,188)
81.7%
Dodoma(11,683)
81.7%
Ngerulmud(4,993)
81.7%
Niamey(15,923)
81.7%
Sri Jayawardenepura Kotte(8,612)
81.7%
Yaoundé(14,436)
81.7%
Libreville(14,320)
81.7%
Moroni(10,655)
81.7%
N'Djamena(14,739)
81.7%
São Tomé(14,517)
81.7%
Tbilisi(13,604)
81.7%
Thimphu(9,361)
81.6%
Asmara(12,801)
81.6%
Bangui(13,896)
81.6%
Banjul(17,196)
81.6%
Basseterre(16,287)
81.6%
Conakry(16,663)
81.6%
Dushanbe(11,638)
81.6%
Porto-Novo(15,330)
81.6%
Ramallah(13,934)
81.6%
Ashgabat(12,378)
81.6%
Bissau(16,990)
81.6%
Gaborone(11,066)
81.6%
Lilongwe(11,289)
81.6%
Malabo(14,645)
81.6%
Maseru(10,586)
81.6%
Mbabane(10,564)
81.6%
Naypyidaw(8,279)
81.6%
Nouakchott(17,605)
81.6%
Gitega(12,374)
81.6%
Nukuʻalofa(3,804)
81.6%
Yamoussoukro(15,912)
81.6%
🌟 Canberra 🌟
81.6%

You're not logged in!

Compare scores with friends on all Sporcle quizzes.
OR
Log In

Sporcle TV

Today on Sporcle TV


Watch our educational content, quiz creation guides, and fun videos on Sporcle TV.

Show Comments

Extras

Top Quizzes Today


Score Distribution

Your Account Isn't Verified!

In order to create a playlist on Sporcle, you need to verify the email address you used during registration. Go to your Sporcle Settings to finish the process.

Report this User

Report this user for behavior that violates our Community Guidelines.

Details: